| 000 | 00596nam a22001817a 4500 | ||
|---|---|---|---|
| 001 | 00027935 | ||
| 005 | 20260123070640.0 | ||
| 008 | 260123b ag ||||| |||| 00| 0 spa d | ||
| 040 |
_aAR-CcCEOS _bspa _cAR-CcCEOS |
||
| 041 | _aspa | ||
| 080 | _a 860-94(82) | ||
| 090 | _bBAD | ||
| 100 |
_aMaria del Rosario Badano _9208 |
||
| 245 |
_aRecorridos de las memorias : _bensayos de estudiantes universitarios concurso "Memorias y Dictadura" / _cMa. del Rosario Badano y Javierno Sergio RĂos |
||
| 300 |
_a116 p. ; _c22x16 cm. |
||
| 655 | 0 |
_aliteratura _919 _bmemorias _cdictadura |
|
| 942 |
_2udc _cBK _n0 |
||
| 999 |
_c27945 _d27945 |
||